000 00351nam a2200133 i 4500
001 bg
100 1 _aPRZYGODZIŃSKI, Antoni
245 0 _aZ zagadnień strategii frontu narodowego PPR 1942-1945 /
_cAntoni Przygodziński.
260 _aWarszawa,
_c1976.
040 _cBPK
041 _apol
942 _cKS
008 s pl f |000 0 pol
999 _c27251
_d27251
856 _uhttp://koha.tu.koszalin.pl/cgi-bin/koha/opac-detail.pl?biblionumber=27251
_yKatalog online BPK